La muerte de Arturo
שמור ב:
| מחבר ראשי: | |
|---|---|
| פורמט: | ספר |
| שפה: | ספרדית |
| יצא לאור: |
Madrid
Eds. Siruela
1991
|
| מהדורה: | 4a. ed |
| סדרה: | Selección de lecturas medievales, 14-15-16
|
| נושאים: | |
| תגים: |
הוספת תג
אין תגיות, היה/י הראשונ/ה לתייג את הרשומה!
|
MARC
| LEADER | 00000nam a2200000 a 4500 | ||
|---|---|---|---|
| 001 | UCY3538 | ||
| 003 | CL-VaPUC | ||
| 008 | 950104e19910000SP |||||||||||||||||spa|d | ||
| 082 | 0 | 4 | |a 823 |b MAL |2 21 |
| 100 | |a Malory, Thomas |e autor |9 331851 | ||
| 245 | 1 | 3 | |a La muerte de Arturo |
| 250 | |a 4a. ed | ||
| 300 | |a 3 v | ||
| 942 | |c BK | ||
| 945 | |d 19950104 00:00:00 |a rbrito | ||
| 260 | |a Madrid |b Eds. Siruela |c 1991 | ||
| 650 | 7 | |a LIBROS DE CABALLERIAS |2 CL-VaPUC |9 264986 | |
| 650 | 0 | |a Caballeros y caballería |9 266046 | |
| 583 | |a last modification |c 19950104 00:00:00 |k Rodrigo Vera | ||
| 490 | 0 | |a Selección de lecturas medievales, 14-15-16 | |
| 999 | |c 231644 |d 231642 | ||
| 952 | |0 0 |1 0 |4 0 |6 823_000000000000000_MAL_1991 |7 0 |8 A |9 235085 |a BIBART |b BIBART |d 2019-11-15 |h v.1 |i 304517K |l 6 |m 1 |o 823 MAL 1991 |p 304517K |r 2025-03-13 |s 2023-11-23 |w 2019-11-15 |y BK |k ART | ||
| 952 | |0 0 |1 0 |4 0 |6 823_000000000000000_MAL_1991 |7 0 |8 A |9 235086 |a BIBART |b BIBART |d 2019-11-15 |h v.2 |i 3045188 |o 823 MAL 1991 |p 3045188 |r 2025-03-13 |w 2019-11-15 |y BK |k ART | ||
| 952 | |0 0 |1 0 |4 0 |6 823_000000000000000_MAL_1991 |7 0 |8 A |9 235087 |a BIBART |b BIBART |d 2019-11-15 |h v.3 |i 3045196 |o 823 MAL 1991 |p 3045196 |r 2025-03-13 |w 2019-11-15 |y BK |k ART | ||